• 首页
  • 本馆介绍
  • 公告通知
  • 最新文献
  • 馆藏检索
  • 电子资源
  • 读者导购
  • 参考咨询
  • 我的图书馆
  • 登录
  • 详细信息显示
  • 放入我的书架
  • 预约/预借图书
  • 作者相关作品
  • 分类相关作品
  • 丛书相关作品
  • 出版社相关作品

书目信息

  • 表格格式
  • 工作单格式
  • 卡片格式
题名:
常用花果全草类中草药栽培与加工
    
 
作者: 高松 编著
分册:  
出版信息: 北京   金盾出版社  2013
页数: 134页, [4] 页图版
开本: 21cm
丛书名: 农业科技创新实用技术丛书
单 册:
中图分类: S567.2 , R282.710.2
科图分类:
主题词: 草本植物--药用植物--栽培技术 , 草本植物--中草药加工
电子资源:
ISBN: 978-7-5082-8224-4
000 01071nam 2200277 450
001 2359033270
005 20231212162415.07
010    @a978-7-5082-8224-4@dCNY10.00
100    @a20130731d2013 em y0chiy50 ea
101 0  @achi
102    @aCN@b110000
105    @aaf a 000yy
200 1  @a常用花果全草类中草药栽培与加工@Achang yong hua guo quan cao lei zhong cao yao zai pei yu jia gong@f高松编著
210    @a北京@c金盾出版社@d2013
215    @a134页, [4] 页图版@c图@d21cm
225 2  @a农业科技创新实用技术丛书@Anong ye ke ji chuang xin shi yong ji shu cong shu
320    @a有书目 (第134磁)
330    @a本书内容包括: 中草药生长的环境条件, 花果与全草类中草药栽培、采收与加工, 中草药常见病、虫、鼠害防治, 中草药加工、贮存及变质与虫害的防治方法, 中草药生产加工应用需注意的问题等。
410  0 @12001 @a农业科技创新实用技术丛书
606 0  @a草本植物@x药用植物@x栽培技术
606 0  @a草本植物@x中草药加工
690    @aS567.2@v5
690    @aR282.710.2@v5
701  0 @a高松@Agao song@4编著
801  0 @aCN@b湖北三新@c20140428
905    @aBZT@dS567.2@e208
    
    常用花果全草类中草药栽培与加工/高松编著.-北京:金盾出版社,2013
    134页, [4] 页图版:图;21cm.-(农业科技创新实用技术丛书)
    
    
    ISBN 978-7-5082-8224-4:CNY10.00
    本书内容包括: 中草药生长的环境条件, 花果与全草类中草药栽培、采收与加工, 中草药常见病、虫、鼠害防治, 中草药加工、贮存及变质与虫害的防治方法, 中草药生产加工应用需注意的问题等。
●
相关链接 在五车中查询图书 在当当中查询图书 在豆瓣中查询图书


正题名:常用花果全草类中草药栽培与加工     索取号:S567.2/208         预约/预借

序号 登录号 条形码 馆藏地/架位号 状态 备注
1 2001444149   2001444149   516书库/ [索取号:S567.2/208] 在馆    
2 2001444150   2001444150   516书库/ [索取号:S567.2/208] 在馆    
3 2001444151   2001444151   516书库/ [索取号:S567.2/208] 在馆    
4 2001444152   2001444152   516书库/ [索取号:S567.2/208] 在馆    
5 2001444153   2001444153   516书库/ [索取号:S567.2/208] 在馆    
6 2001444154   2001444154   516书库/ [索取号:S567.2/208] 在馆    
7 2001444155   2001444155   516书库/ [索取号:S567.2/208] 在馆    
8 2001444156   2001444156   516书库/ [索取号:S567.2/208] 在馆    
9 2001444157   2001444157   516书库/ [索取号:S567.2/208] 在馆    
10 2001444158   2001444158   516书库/ [索取号:S567.2/208] 在馆    
11 2001444159   2001444159   516书库/ [索取号:S567.2/208] 在馆    
12 2001444160   2001444160   516书库/ [索取号:S567.2/208] 在馆    
13 2001444161   2001444161   516书库/ [索取号:S567.2/208] 在馆    
14 2001444162   2001444162   516书库/ [索取号:S567.2/208] 在馆    
15 2001444163   2001444163   516书库/ [索取号:S567.2/208] 在馆    
山东省滨州职业学院图书馆 欢迎您!
大连网信软件有限公司© 版权所有